Aby si ľudia nemysleli, že som zomrel... Rozhovor s básnikom (a riaditeľom) Jozefom Urbanom čiže Pokec o poézii, peniazoch, popine a politike (pri pive...)

Bibliographic Details
Main Authors: Urban, Jozef, 1964-1999 (Author), Bančej, Maroš, 1960-2019 (Author)
Format: Article
Language:Slovak
PhysicalDescription:Fotogr. 2
Subjects:

MARC

LEADER 00000nab a2200000 a 4500
001 vtls000498721
003 SK-MaSNL
005 20260303183907.0
008 230313c1993 xo 0 slo
015 |a SNBRB19rr/mm-uuuuu 
035 |a CL0498859 
035 |a urn:nbn:sk:snk-abbnv1 
035 |a (urnnbn)urn:nbn:sk:snk:ar-002oih 
035 |a (uuid)157f78c4-8d76-4bea-a9ca-dc77ba990120 
040 |a SNKBUCL  |b slo  |c SNKBUCL  |e AACR2 
041 0 |a slo 
044 |a xo  |c SK 
080 |a 82:929:885.4  |2 1981 
080 |a 885.4:929  |2 1981 
080 |a 929 Urban, Jozef  |2 1981 
100 1 |a Urban, Jozef,  |d 1964-1999  |4 aut  |9 101881 
245 1 0 |a Aby si ľudia nemysleli, že som zomrel...  |b Rozhovor s básnikom (a riaditeľom) Jozefom Urbanom čiže Pokec o poézii, peniazoch, popine a politike (pri pive...)  |c Jozef Urban, Maroš Bančej 
300 |b Fotogr. 2 
600 1 7 |a Urban, Jozef,  |d 1964-1999  |2 snkbucl  |9 101881 
655 7 |a články z novín a časopisov  |2 snkbucl  |9 267496 
655 7 |a články z odboru literárna veda a krásna literatúra  |2 snkbucl  |9 770045 
700 1 |a Bančej, Maroš,  |d 1960-2019  |4 aut  |9 103835 
773 0 |t Dotyky  |g Roč. 5, č. 6 (1993), s. 4-7 
850 |a Slovenská národná knižnica v Martine  |a MTA001 
852 |a SNK  |b KIS3GCP 
958 |a BX 
958 |a RK 
958 |a LX 
958 |a OND 
958 |a EUIPO 
958 |a article15 
992 |a RBX 
999 |c 2123685  |d 2125615